00683nam a22001577a 4500008004100000040005500041080002200096245012600118260005100244300001100295500002900306650001300335942001300348999001700361952014700378230425b |||||||| |||| 00| 0 eng d aNational Science LibrarycNational Science Library a523.72(063)bM0.3 aInternational solar energy congressc/ Congress of the international..................Society of India 16-21 January 1978 aIndia: bSolar Energy Society of India, c1978 a1763p. aVol. 3 Extended abstract aAbstract 2udccREF c23284d23284 00102udc40652372063_M0370934107aNSLbNSLcGF/Rk-6/C-2/R-1d2004-08-06l0o523.72(063) M0.3p195329r2023-04-25 00:00:00w2004-08-06yREF